Detection of interchromosomal translocation within the Triticeae by RFLP analysis (Record no. 56860)

MARC details
000 -LEADER
fixed length control field 00331nam a2200121Ia 4500
100 ## - MAIN ENTRY--AUTHOR NAME
Personal name King I P
245 #0 - TITLE STATEMENT
Title Detection of interchromosomal translocation within the Triticeae by RFLP analysis
260 ## - PUBLICATION, DISTRIBUTION, ETC. (IMPRINT)
Name of publisher Genome
Year of publication 1994
300 ## - PHYSICAL DESCRIPTION
Number of Pages 882-887
650 ## - SUBJECT ADDED ENTRY--TOPICAL TERM
Topical Term RFLP
942 ## - ADDED ENTRY ELEMENTS (KOHA)
Koha item type Journals
Holdings
Withdrawn status Lost status Damaged status Not for loan Home library Current library Shelving location Date acquired Serial Enumeration / chronology Koha item type
      Journals RRII Library RRII Library RFLP 17/12/2021 Volume 37, Issue 5 Journals